Statistics for Regions of the Abdominopelvic Cavity

Click here to take the quiz!

General Stats

  • This quiz has been taken 67 times
  • The average score is 5 of 9

Answer Stats

Region% Correct
Epigastric
85%
Umbilical
74%
Hypogastric
61%
Left hypochondriac
48%
Right hypochondriac
48%
Left iliac
46%
Right iliac
46%
Left lumbar
44%
Right lumbar
44%

Score Distribution

Percentile by Number Answered

Percent of People with Each Score

Your Score History

You have not taken this quiz